00489nmm a2200169Ia 4500008004100000020001800041041000800059100003700067245002800104264005100132300001800183490002100201650002200222856005100244942000700295999001700302251105s9999||||xx |||||||||||||||||und|| a9788416523436 aspa aPérez Collados, José María 0aAhora que ya no estás a[Madrid, España] :bKailas Editorial, c2016 a208 páginas aKailas Ficción aSpanish narrative uhttps://public.digitaliapublishing.com/a/87259 cCF c77861d77861